000 01390nam a2200229Ia 4500
003 Ost
005 20260507074929.0
008 260507s9999||||xx |||||||||||||| ||und||
040 _cfsecg
041 _aara
082 _a657.42
100 _aالثعيلب، محمد مسعود
_eمؤلف
245 0 _aالتكلفة على أساس النشاط :
_bالفلسفة والتطبيق /
_c محمد مسعود الثعيلب
260 _aعمان:
_bدار المسيرة للنشر,
_c2015
300 _a200 صفحة؛
_bإيضاحات ؛
_c25 سم
504 _aبيبليوغرافيا: ص. 187-200 ؛قائمة الأشكال:ص.8
520 _aيضم الإطار الفلسفي لنظام التكلفة على أساس النشاط،مفهوم نظام التكلفة على أساس النشاط،العوامل التي أدت إلى ظهور نظام التكلفة على أساس النشاط،خطوات تخصيص التكاليف في ظل نظام التكلفة على أساس النشاط،مراحل تصميم نظام التكلفة على أساس النشاط،الحاجة لنظام التكلفة على أساس النشاط والعوامل المؤثرة فيه وتوقيت استخدامه
653 _aالمحاسبة
653 _aمحاسبة التكاليف
700 _aمحمد، نصر صالح
_eمؤلف ثانوي
942 _cكتاب
999 _c41845
_d41845